000 00607nam a2200229 a 4500
999 _c4697
_d4697
001 4697
003 BD-JhCC
005 20171203085647.0
008 171130s1966 e |||| ||b| 001 0 eng d
035 _a(BD-JhCC)4697
040 _aBD-JhCC
_dBD-JhCC
041 _aeng
082 _a355.47
_bPEL 1966
100 _aPeltier, Louis C.
245 _aMilitary Geography /
_cLouis C. Peltier; G. Etzel Pearcy
260 _aNew Jersey :
_bD. Van Nostrand Company,
_c1966.
300 _a176 p. :
_c20 cm.
650 _aMilitary Geography
700 _aPearcy, G. Etzel
942 _2ddc
_cBK